01525cam a22003131 4500001001300000003000400013005001700017008004100034010001700075035001900092040005500111050002500166082001400191100004600205245014300251260004800394300004100442490005700483500014100540500018100681505004700862650004800909650006100957700003201018710002801050710006601078710005001144999001701194l 39000049 DLC20260227111536.0790427s1939 dcua f000 0 eng c al 39000049  a(OCoLC)4903104 aU.S. Dept. of Labor. Libr.cWMUWdWMUWdOCoLCdDLC00aHD8051b.A62 no. 637 a331.061731 aWilliams, Faith M.q(Faith Moors),d1893-10aMoney disbursements of wage earners and clerical workers in the North Atlantic region, 1934-36,cby Faith M. Williams and Alice C. Hanson. aWashington,bU.S. Govt. Print. Off.,c1939. a2 v.btables, forms, diagrs.c23 cm.0 aU. S. Bureau of Labor Statistics. Bulletin,vno. 637 aAt head of title: United States Department of Labor. Francis Perkins, Secretary. Bureau of Labor Statistics. Isador Lubin, Commissioner. a"This survey was made in cooperation with the Russell Sage Foundation, the New York State Temporary Relief Administration, and the Works Progress Administration."--Pref., v. 1.0 av. 1. New York City.--v. 2. Eleven cities. 0aCost and standard of livingzUnited States. 0aCost and standard of livingzNew York (State)zNew York.1 aJones, Alice Hanson,d1904-2 aRussell Sage Foundation1 aNew York (State).bTemporary Emergency Relief Administration.1 aUnited States.bWork Projects Administration. c36290d36290